Music Quiz

Random Music or Lyrics Quiz

Hidden in the Lyrics V Quiz Stats

 Plays Quiz not verified by Sporcle

Score 0/15 Timer 05:00
0 Plays Today
Question Answer Wrong Answers
Sweet home Alabama
Where the skies are so blue
Sweet Home Alabama
93%
Alabama
1.6%
Where the Skies are So Blue
0.7%
Skies So Blue
0.6%
Plenty of room at the hotel California
Any time of year (any time of year) you can find it here
Her mind is Tiffany twisted, she got the Mercedes bends
Hotel California
92.8%
Tiffany Twisted
0.7%
Mercedes Bends
1.6%
Plenty of Room
0.6%
Never gonna give you up
Never gonna let you down
Never gonna run around and desert you
Never gonna make you cry
Never gonna say goodbye
Never Gonna Give You Up
88.3%
Never Gonna Let You Down
4%
Never Gonna Make You Cry
1.3%
Never Gonna Say Goodbye
1.5%
The dreams in which I'm dying are the best I've ever had
I find it hard to tell you, I find it hard to take
When people run in circles it's a very very mad world
Mad World
83.7%
Dreams in Which I'm Dying
4.6%
Hard to Take
4.3%
People Run in Circles
2.5%
We keep this love in a photograph
We made these memories for ourselves
Where our eyes are never closing
Hearts are never broken
Photograph
74.1%
Eyes are Never Closing
1.9%
Memories
10.8%
Hearts are Never Broken
7.9%
Cause I've got friends in low places
Where the whiskey drowns
And the beer chases my blues away
Friends in Low Places
69.2%
Where the Whiskey Drowns
4%
Beer Chases My Blues Away
3.3%
I've Got Friends in Low Places
17.5%
Call me on my cell phone
Late night when you need my love
And I know when that hotline bling
Hotline Bling
68.4%
Hotline
12.4%
Cell Phone
11.7%
Call Me On My Cell Phone
3.7%
Oh, won't you stay with me
'Cause you're all I need
This ain't love, it's clear to see
Stay With Me
68.3%
Won't You Stay With Me
4.3%
This Ain't Love
10%
All I Need
12.4%
I see trees of green, red roses too
I see them bloom for me and you
And I think to myself what a wonderful world
What a Wonderful World
67.7%
Wonderful World
24.7%
Trees of Green
1%
Bloom for Me and You
1.3%
It ain't me, it ain't me, I ain't no military son, son
It ain't me, it ain't me, I ain't no fortunate one, one
It ain't me, it ain't me, I ain't no fortunate one, no no no
It ain't me, it ain't me, I ain't no fortunate son, no no no
Fortunate Son
67.5%
Fortunate One
7.6%
It Ain't Me
17.5%
Ain't No Fortunate One
2.7%
A fight for love and glory
A case of do or die
The world will always welcome lovers
As time goes by
As Time Goes By
65.3%
Do or Die
10%
Fight for Love and Glory
4.2%
Love and Glory
15.1%
Everybody wanna steal my girl
Everybody wanna take her heart away
Couple billion in the whole wide world
Steal My Girl
64.5%
Take Her Heart Away
5.7%
Everybody
12.7%
Whole Wide World
12.3%
Pictures of you
Pictures of me
All upon your wall for the world to see
Pictures of You
64.5%
Pictures of Me
13.2%
Upon Your Wall
10%
For the World to See
7.5%
We just wanna make the world dance
Forget about the price tag
Ain't about the cha-ching cha-ching
Price Tag
61.4%
Make the World Dance
18.6%
Ain't About the Cha-ching
5.8%
Wanna Make the World Dance
8.4%
I was standing
You were there
Two worlds collided
And they could never tear us apart
Never Tear Us Apart
60.9%
Two Worlds Collided
23.4%
I Was Standing
5.4%
You Were There
5.7%

You're not logged in!

Compare scores with friends on all Sporcle quizzes.
OR
Log In

Show Comments

Extras

Top Quizzes Today


Score Distribution

Your Account Isn't Verified!

In order to create a playlist on Sporcle, you need to verify the email address you used during registration. Go to your Sporcle Settings to finish the process.

Report this User

Report this user for behavior that violates our Community Guidelines.

Details: